000
00273nam a22001217a 4500
082
_a
894.812.3
_b
RAJ/T
100
_a
RAJ,RAJESH,-Tr.
245
_a
PANCHATHANTHRAM KADHAKAL
260
_a
CHERTHALA
_b
SHARON BOOKS
300
_a
66
650
_a
SHORT STORY
_z
KERALA
942
_c
BK
999
_c
1382
_d
1382